| 000 | 00000nam##2200000za#4500 |
| 001 | 9.649143 |
| 003 | CaOODSP |
| 005 | 20210615113527 |
| 007 | ta |
| 008 | 150407|2003||||xxc||||| f|0| 0 eng|d |
| 020 | |a0-662-35956-9 |
| 040 | |aCaOODSP|beng |
| 043 | |an-cn--- |
| 086 | 1 |aNH15-416/2004E |
| 110 | 2 |aCanada Mortgage and Housing Corporation. |
| 245 | 10|aReport on land title conveyance practices and fraud / |cPresented by Principal investigator Norman V. Siebrasse. |
| 260 | |aOttawa - Ontario : |bCanada Mortgage and Housing Corporation |c2003. |
| 300 | |aiv, 103p. : |breferences, tables ; |c28 cm. |
| 500 | |aCover title: Land title conveyance practices and fraud. |
| 520 | 3 |aThis report describes in detail the practices of title conveyance and mortgage registration, funding, and discharge under Quebec’s Civil Code and under common law in the provinces and territories using or converting to a land title registry system. It covers the related legislative and regulatory framework, as well as the insurance, recourse, and compensation schemes available to lenders, other parties, or members of the public who are victims of fraud in title conveyance or mortgage registration, funding, or discharge. |
| 563 | |aSpiral binding |
| 590 | |a04-18|b2004-04-30 |
| 720 | 1 |aSiebrasse, Norman V. |
| 775 | 08|tRapport sur les pratiques et la fraude en matière de transport de titre fonciers / |w(CaOODSP)9.682365 |
| 776 | 0#|tReport on land title conveyance practices and fraud / |w(CaOODSP)9.694279 |